| 000 | 00560nam a22001937a 4500 | ||
|---|---|---|---|
| 003 | OSt | ||
| 005 | 20180116183030.0 | ||
| 008 | 151218b xxu||||| |||| 00| 0 eng d | ||
| 020 | _a0 | ||
| 024 | _20 | ||
| 040 | _cLahore LUMS | ||
| 082 | _a174.4 LUM 2014 | ||
| 100 | _aMALIK MAR, RANA AI, RAFI S | ||
| 245 |
_aEARNED VALUE MANAGEMENT AND ANALYSIS _cMALIK MAR, RANA AI, RAFI S |
||
| 260 |
_aLahore LUMS _b Lahore University of Management Sciences _c2014 |
||
| 300 |
_a20 p. _bPapers |
||
| 440 | _aEARNED VALUE MANAGEMENT AND ANALYSIS | ||
| 942 |
_2ddc _cCS |
||
| 999 |
_c350989 _d350989 |
||